000 01865nam a2200217Ia 4500
003 Ost
005 20260507075354.0
008 260507s9999||||xx |||||||||||||| ||und||
040 _cfsecg
041 _aara
082 _a330
100 _aعمر، أيمن علي
_eمؤلف
245 0 _aدراسات متقدمة في التسويق /
_c أيمن علي عمر
260 _aالاسكندرية:
_bالدار الجامعية,
_c2007
300 _a391 صفحة؛
_bإيضاحات ؛
_c24 سم
504 _aالمراجع ص.380
520 _aالتسويق من خلال العلاقات بالعملاء- التحديات التسويقية التي تواجه منظمات الأعمال- سياسة المنتج في المفهوم التسويقي- التكتلات الاقتصادية العالمية- السياسات الاقتصادية والقدرة التنافسية للمنتجات المصرية- التجارة الالكترونية- بعض الإتجاهات الحديثة في التسويق- إدارة الأزمات التسويقية ومواجهة المشكلات- منطقة التجارة الحرة العربية- منظمة التجارة العالمية- دور أدوات التسويق في تغيير سلوك المستهلك- إعادة هندسة العمليات التسويقية كمدخل لتطوير أداء المنظمات المصرية والإنطلاق لزيادة الصادرات- الاتصالات الفعالة في مجال التسويق- طرق التغليف الحديثة- نصائح مربحة للمصدرين- الحكومة الإلكترونية- كيف تؤثر في سلوك المستهلك بطريقة ايجابية- التسويق الشبكي- التسويق الالكتروني
653 _aأدارة المبيعات
653 _aالتسويق
942 _cكتاب
999 _c44192
_d44192